| 000 | 00724nam a22002657a 4500 | ||
|---|---|---|---|
| 005 | 20240627160236.0 | ||
| 008 | 181219b2005 cr ||||| |||| 00| 0 spa d | ||
| 020 | _a9789968927048 | ||
| 041 | _aESP | ||
| 041 | _aING | ||
| 082 | _a581.636 H224p3 | ||
| 100 |
_aHammel, Barry _927742 |
||
| 245 | _aPlantas ornamentales nativas de Costa Rica = Costa Rica native ornamental plants | ||
| 250 | _a3 edición | ||
| 260 | _aCosta Rica | ||
| 260 | _bInstituto Nacional de Biodiversidad (INBIO) | ||
| 260 | _c2005 | ||
| 300 | _a272 páginas | ||
| 505 | _aContiene fotografías a color | ||
| 650 | _aPLANTAS ORNAMENTALES | ||
| 650 | _aCONSERVACIÓN | ||
| 650 | _aBIODIVERSIDAD | ||
| 942 |
_cBK _2ddc |
||
| 999 |
_c11477 _d11477 |
||